| 000 | 00512nam a22001817a 4500 | ||
|---|---|---|---|
| 005 | 20251013125315.0 | ||
| 008 | 251013b |||||||| |||| 00| 0 eng d | ||
| 037 | _cTB | ||
| 040 |
_aCRL _cCRL |
||
| 041 |
_2URD _aURD |
||
| 084 | _bCRL | ||
| 245 | _aAkbar Shanasi | ||
| 260 |
_aAligarh, India: _bAligarh Muslim University Press, _c2002. |
||
| 300 | _a237+16p. | ||
| 365 |
_b200.00 _cINR |
||
| 942 |
_2CC _cTB _n0 |
||
| 999 |
_c1464692 _d1464692 |
||